Formulacin̤ y evaluacin̤ de planes de negocio

Bibliographic Details
Main Author: Galindo Ruz̕, Carlos Julio
Format: eBook
Language:Spanish
Published: Bogot ̀: Ediciones de la U, 2011
Subjects:
Online Access:Acceso restringido

MARC

LEADER 00000nam a22000007a 4500
005 20111025142435.0
008 111025s2011 ck |||||s|||| 00||0 spa d
020 |a 978-958-8675-92-3 
035 |a 5990 
040 |a vLex 
090 |c 2708  |d 2708 
100 1 |a Galindo Ruz̕, Carlos Julio 
245 1 0 |a Formulacin̤ y evaluacin̤ de planes de negocio  |h [Recurso electrn̤ico] /  |c Carlos Julio Galindo Ruz̕  
256 |a Servicio en ln̕ea. 
260 |a Bogot ̀:  |b Ediciones de la U,  |c 2011 
300 |a 1 recurso electrn̤ico 
500 |a Este texto presenta varias herramientas, procesos y mťodos, que le permiten al emprendedor visualizar el horizonte que debe trazar para el x̌ito de su proyecto empresarial. El proceso de formulacin̤ inicia cuando desarrolla la idea del producto o servicio que va a ofrecer en el mercado. Evaluando cual es la demanda insatisfecha, competencia directa e indirecta, r̀ea de influencia, capacidad instalada, plan de produccin̤, canales de distribucin̤, entre otros. 
506 1 |a Contenido solo disponible en los productos indicados  |d vLex Global  |d vLex Global (Academic Edition, excluding Law Schools)  |d vLex Global (U.S. Academic Edition, Law Schools)  |d vLex Global (U.S. Academic Edition, excluding Law Schools)  |d vLex Global (Academic Edition, Law Schools) 
650 0 4 |a Control de la gestin̤  |z Colombia 
650 0 4 |a Negocios  |z Colombia 
740 0 |a vLex Libros (Servicio en ln̕ea) 
856 4 0 |u http://vlex.com/source/formulacion-evaluacion-planes-negocio-5990  |z Acceso restringido 
942 |c BOOK